कंप्यूटर क्रांति : (Record no. 119742)

MARC details
000 -LEADER
fixed length control field 01309nam a22002897a 4500
003 - CONTROL NUMBER IDENTIFIER
control field dpl
005 - DATE AND TIME OF LATEST TRANSACTION
control field 20190403113033.0
008 - FIXED-LENGTH DATA ELEMENTS--GENERAL INFORMATION
fixed length control field 190403b ||||| |||| 00| 0 eng d
010 ## - LIBRARY OF CONGRESS CONTROL NUMBER
LC control number B-075374
020 ## - INTERNATIONAL STANDARD BOOK NUMBER
Terms of availability 160.00
International Standard Book Number 817995018
035 ## - SYSTEM CONTROL NUMBER
System control number B-075374, B-075378
037 ## - SOURCE OF ACQUISITION
Source of stock number/acquisition Cen Lib/Ret
040 ## - CATALOGING SOURCE
Original cataloging agency DPL
Language of cataloging HN
Transcribing agency 0
082 ## - DEWEY DECIMAL CLASSIFICATION NUMBER
Classification number 005
Item number गोयल
100 ## - MAIN ENTRY--PERSONAL NAME
Personal name गोयल, एम.एम
9 (RLIN) 73
245 ## - TITLE STATEMENT
Title कंप्यूटर क्रांति :
Statement of responsibility, etc एम.एम गोयल [एवं] प्रिय गोयल
Remainder of title एक परिचय /
246 ## - VARYING FORM OF TITLE
Title proper/short title Computer kranti : ek parichay /
Remainder of title by M.M. Goyal [evam] Priya Goyal
260 ## - PUBLICATION, DISTRIBUTION, ETC. (IMPRINT)
Place of publication, distribution, etc जयपुर
Name of publisher, distributor, etc अनुप्रिया पब्लिशिंग हाउस
270 ## - ADDRESS
City जयपुर
Address मालवीय नगर
Postal code 302017
300 ## - PHYSICAL DESCRIPTION
Extent 130पृ.:
Dimensions 20सेमी(सजिल्द )
Other physical details सचित्र
650 ## - SUBJECT ADDED ENTRY--TOPICAL TERM
Topical term or geographic name as entry element कंप्यूटर विज्ञान
General subdivision
Geographic subdivision
9 (RLIN) 86644
650 ## - SUBJECT ADDED ENTRY--TOPICAL TERM
Topical term or geographic name as entry element कंप्यूटर विज्ञान--भण्डारण के उपकरण
9 (RLIN) 86645
650 ## - SUBJECT ADDED ENTRY--TOPICAL TERM
Topical term or geographic name as entry element Computer Science
9 (RLIN) 86646
650 ## - SUBJECT ADDED ENTRY--TOPICAL TERM
Topical term or geographic name as entry element Computer Science - storage equipment
9 (RLIN) 86647
700 ## - ADDED ENTRY--PERSONAL NAME
Personal name गोयल, प्रिया
9 (RLIN) 86648
942 ## - ADDED ENTRY ELEMENTS (KOHA)
Source of classification or shelving scheme Dewey Decimal Classification
Koha item type Hindi Books
Classification part 005
Call number suffix गोयल
Holdings
Withdrawn status Lost status Damaged status Not for loan Home library Current library Date acquired Source of acquisition Cost, normal purchase price Total Checkouts Full call number Barcode Date last seen Copy number Cost, replacement price Price effective from Koha item type Public note Source of classification or shelving scheme Collection code
Written off       Central Library Central Library 18/09/2015 Cen Lib/Ref 160.00   005 गोयल B-075374 18/09/2015 1 160.00 18/09/2015 Hindi Books Written off on approval by DLB (By Circulation); dtd 15-06-2023    
        Shahdara Branch Shahdara Branch 03/04/2019 BPPD/PUB 160.00   005 गोयल B-075378 03/04/2019   160.00 03/04/2019 Hindi Books   Dewey Decimal Classification Non-fiction

© Delhi Public Library
Hit Counter
free hit counter